La promesa ante el derecho y la jurisprudencia

Uloženo v:
Podrobná bibliografie
Hlavní autoři: Hübner Guzmán, Ana María (Autor), Vergara Aldunate, Sofía (Autor)
Médium: Kniha
Jazyk:španělština
Vydáno: Santiago Jurídica Conosur 1993
Témata:
Tagy: Přidat tag
Žádné tagy, Buďte první, kdo vytvoří štítek k tomuto záznamu!

MARC

LEADER 00000nam a2200000 a 4500
001 UCU0786
003 CL-VaPUC
008 960329e19930000CL |||||||||||||||||spa|d
082 0 4 |a 346.022  |b HUB  |2 21 
100 |a Hübner Guzmán, Ana María  |e author  |9 499644 
700 0 |a Vergara Aldunate, Sofía  |e author  |9 356196 
245 1 3 |a La promesa ante el derecho y la jurisprudencia 
300 |a 525 p 
942 |c BK 
945 |d 19960329 00:00:00  |a rleighto 
260 |a Santiago  |b Jurídica Conosur  |c 1993 
650 0 |a Jurisprudencia  |9 255952 
650 7 |a DERECHO  |2 CL-VaPUC  |9 356197 
650 0 |a Contrato de promesa  |9 355216 
650 0 |a Promesa de venta  |9 356198 
583 |a last modification  |c 19960329 00:00:00  |k Rodrigo Vera 
999 |c 245595  |d 245593 
952 |0 0  |1 0  |4 0  |6 346_022000000000000_HUB_1993  |7 0  |8 A  |9 260143  |a BIBDER  |b BIBDER  |d 2019-11-19  |i 3182770  |o 346.022 HUB 1993  |p 3182770  |r 2023-01-25  |w 2019-11-19  |y BK  |k DER